| 000 | 00646cam a22002411 4500 | ||
|---|---|---|---|
| 001 | 10325097 | ||
| 005 | 20180313094645.0 | ||
| 008 | 720810s1964 mau b 000 0 eng | ||
| 010 | _a 64003202 | ||
| 035 | _a(OCoLC)377499 | ||
| 040 |
_aDLC _cOO _dOCoLC _dODaWU _dDLC |
||
| 041 | _aeng | ||
| 042 | _apremarc | ||
| 080 | _a821.3 HER | ||
| 082 | _a821.3 HER | ||
| 100 | 1 | _a21 | |
| 101 | _aGJL | ||
| 245 | 1 | 0 | _aDiscussions of Shakespeare's sonnets. |
| 504 | _a"Notes and suggestions for further reading": p. viii-ix. | ||
| 504 | _aBibliographical footnotes. | ||
| 906 |
_a7 _bcbc _coclcrpl _du _encip _f19 _gy-gencatlg |
||
| 942 |
_2ddc _cBK |
||
| 999 |
_c44912 _d44912 |
||